000
00314nam a2200121Ia 4500
008
220204s9999 xx 000 0 und d
082
_a
030.1:711.552
_b
BUT
100
_a
Button, H G
245
0
_a
Guinness book of the business world
260
_a
Middlesex
_b
Guinness
_c
1976
700
_a
Lampert, A P
942
_c
BK
999
_c
31687
_d
31687